00339nam a22000977a 4500082001200000100006500012245006400077300004100141650001500182700004400197 a220 PRO aObaidullah Nasir Saad Shahrukh Kiyani Muhammad Arslan Shahid aPR-SOF-1903-Solar Powered IOT Based Smart Irrigation System aISLAMABADbNUST COLLEGE OF EMEe2020 aDE-COMP-38 aProject Supervisor Dr. Muhammad Zeeshan